000 00366nam a22001457a 4500
003 MACL
005 20191009153443.0
008 191009b xxu||||| |||| 00| 0 eng d
040 _c MACL
100 _aChaudhuri, Kalyan Bhanja
_976907
245 _aA Tryst With Destiny
260 _aKolkata
_bCentral Library
_c2017
650 _aHistory
_976908
942 _2ddc
_cBK
999 _c61171
_d61171